| 000 | 00989nam a22002655a 4500 | ||
|---|---|---|---|
| 003 | OSt | ||
| 005 | 20170315113353.0 | ||
| 008 | 170313s2016 ua frb 000 0 ara d | ||
| 015 | _a2016 / 3050 | ||
| 020 | _a9789770480311 | ||
| 040 |
_aEG-ScBUE _bara _cEG-ScBUE |
||
| 043 | _af-ua--- | ||
| 082 | 0 | 4 |
_a347.6209 _bأ ح م _222 |
| 100 | 1 | _aأحمد، أحمد خليفة شرقاوي. | |
| 245 | 1 | 2 |
_aالتنظيم القانوني لبطلان حكم التحكيم : _bدراسة تحليلية مقارنة / _cأحمد خليفة شرقاوي أحمد. |
| 250 | _aط. 1. | ||
| 260 |
_aالقاهرة : _bدار النهضة العربية، _c2016. |
||
| 300 |
_a80 ص. ؛ _c24 سم. |
||
| 504 | _aيشتمل على إرجاعات ببليوجرافية. | ||
| 650 | 7 |
_2BUEsh _aالتحكيم _xقوانين وتشريعات _zمصر. |
|
| 650 | 7 |
_2BUEsh _a التحكيم (قانون المرافعات) _zمصر |
|
| 651 | _2BUEsh | ||
| 653 |
_bLLAAWW _cMarch2017 |
||
| 942 | _2ddc | ||
| 999 |
_c24430 _d24402 |
||